| 000 | 00400 a2200133 4500 | ||
|---|---|---|---|
| 020 | _a1403901600 | ||
| 040 |
_aDLC _bDLC |
||
| 100 | _aLegge, John M. | ||
| 245 | 1 | 0 |
_aEntrepreneurship: context, vision and planning _bcontext, vision and planning _cJohn M. Legge, Kevin G. Hindle. |
| 260 |
_bPalgrave Macmillan (UK) _c2004. |
||
| 300 | _a411 p. | ||
| 700 | 1 | 0 | _aHindle, Kevin G. |
| 942 |
_cBK _k658.421 LEG _2ddc |
||
| 999 |
_c4707 _d4707 |
||